Normal view MARC view

Entry Personal Name

Number of records used in: 2

001 - CONTROL NUMBER

  • control field: 76253

003 - CONTROL NUMBER IDENTIFIER

  • control field: dpl

005 - DATE AND TIME OF LATEST TRANSACTION

  • control field: 20250109145235.0

008 - FIXED-LENGTH DATA ELEMENTS

  • fixed length control field: 250109|| aca||aabn | a|a d

040 ## - CATALOGING SOURCE

  • Original cataloging agency: dpl
  • Transcribing agency: dpl

100 ## - HEADING--PERSONAL NAME

  • Personal name: प्रेम भारती

670 ## - SOURCE DATA FOUND

  • Source citation: Work cat.: (dpl)208161: प्रेम भारती , योगं शरणं गच्छामि :, 2021

© Delhi Public Library
Hit Counter
free hit counter